| 000 | 01141nam a22003017a 4500 | ||
|---|---|---|---|
| 003 | EG-ScBUE | ||
| 005 | 20250203101712.0 | ||
| 008 | 210923s2023 ua f 000 f ara d | ||
| 017 | _a2021/23746 | ||
| 020 | _a9789777953436 | ||
| 040 |
_aEG-ScBUE _bara _erda _cEG-ScBUE _dEG-ScBUE |
||
| 082 | 0 | 4 |
_a892.746 _bع ش م _222 |
| 100 | 1 |
_aالعشماوي، أشرف، _eمؤلف. |
|
| 245 | 1 | 2 |
_aالجمعية السرية للمواطنين : _bرواية / _cأشرف العشماوي. |
| 250 | _aالطبعة الثامنة. | ||
| 264 | 1 |
_aالقاهرة : _bالدار المصرية اللبنانية، _c2023. |
|
| 300 |
_a283 صفحة ؛ _c21 سم |
||
| 336 |
_2rdacontent _aنص _btxt |
||
| 337 |
_2rdamedia _aبدون وسيط _bn |
||
| 338 |
_2rdacarrier _aمجلد _bnc |
||
| 500 | _aالرواية الفائزة بجائزة كتار لأفضل رواية عربية عام 2023. | ||
| 541 | _aBook Fair 2025. | ||
| 650 | 7 |
_aالقصص العربية _yقرن 21. _2BUEsh |
|
| 650 | 7 |
_aالأدب العربي _yقرن 21. _vBUEsh |
|
| 653 |
_aBUEsh _bARALIT _cFebruary2025 |
||
| 655 | 7 |
_2BUEsh _vReading book |
|
| 942 | _2ddc | ||
| 999 |
_c30856 _d30827 |
||